Mérida en su historia : precisiones documentales : (1590-1625) / Fernando Marcos Álvarez precisiones documentales :
ISBN:
84-7671-876-4
Descripción Física:
268 p. ; 24 cm
MARC
| LEADER | 00000nam a2200000Ia 4500 | ||
|---|---|---|---|
| 001 | 18797 | ||
| 008 | 160829s2007 xx 000 0 cat d | ||
| 020 | |a 84-7671-876-4 | ||
| 080 | |a A-2-280 | ||
| 100 | |a Marcos Álvarez, Fernando |9 25022 | ||
| 245 | |a Mérida en su historia : |b precisiones documentales : |b (1590-1625) / Fernando Marcos Álvarez | ||
| 260 | |a Badajoz : |b Junta de Extremadura. Consejería de Cultura, |c 2007 | ||
| 300 | |a 268 p. ; |c 24 cm | ||
| 590 | |a A la portada: Documentos del Archivo Histórico Provincial de Badajoz | ||
| 650 | |a Mèrida |x Història |x Fonts |9 44064 | ||
| 650 | |a Archivo Histórico Provincial de Badajoz |x Catàlegs |9 44065 | ||
| 710 | 1 | |a Extremadura. |b Consejería de Cultura |9 54127 | |
| 901 | |a Arxiu | ||
| 942 | |n 1 | ||
| 952 | |0 0 |1 0 |4 0 |6 A2280 |7 1 |9 51778 |a Arxiu |b Arxiu |d 2016-12-01 |l 0 |o A-2-280 |p 18797 |r 2016-12-01 00:00:00 |w 2016-12-01 |y ARXIU | ||
| 999 | |c 55624 |d 55624 | ||